000 00267nam a22001217a 4500
008 190206b xxu||||| |||| 00| 0 eng d
041 _aeng
080 _a341
100 _a15
101 _aSHJ
245 _aLaw of mass communications
_cNelson,H.L
942 _2udc
_cBK
999 _c54102
_d54102